000 00809nam a2200241Ia 4500
003 GCL
008 140319s9999 xx 000 0 ara d
020 _a5263699906
040 _aGCL /
_cGCL
082 0 4 _a253.902
_bع د
100 1 _aعبدالطيف الصريخ
245 1 0 _aدور الوقف الاسلامى فى تنمية القدرات التكنولوجية /
_cعبدالطيف الصريخ
250 _aالاولى
260 _aالكويت :
_bالامانة العامة للاوقاف ،
_c2003
300 _a24 ص ؛
_c17 سم
490 _aسلسلة رسائل جامعية
_v0
650 0 4 _aالتنمية الاجتماعية
650 0 4 _aالوقف
650 0 4 _aالاستثمار
650 0 4 _aالتكنولوجيا
650 0 4 _aالمعاملات
942 _2ddc
_cBK
999 _c6843
_d6843